Logo BPK

Biblioteka

Politechniki Koszalińskiej

Technologia betonu zwykłego : (Rekord nr 6318)

Szczegóły MARC
000 -ETYKIETA REKORDU
podpole kontrolne o stałej długości 00840nam a2200241 i 4500
001 - NUMER KONTROLNY REKORDU
pole kontrolne bg
015 ## - NUMER BIBLIOGRAFII NARODOWEJ
Numer bibliografii narodowej PB 6894/94
040 ## - ŹRÓDŁO KATALOGOWANIA
Instytucja, która utworzyła rekord BPK
041 0# - KOD JĘZYKA
Kod języka tekstu pol
080 ## - UNIWERSALNA KLASYFIKACJA DZIESIĘTNA - UKD
UKD 666.97/.98:620.1](075.8)
008 - POLE O STAŁEJ DŁUGOŚCI - DANE KONTROLNE
podpole kontrolne o stałej długości s pl f |000 0 pol
100 1# - NAZWA OSOBOWA
Nazwa osobowa MROWIEC, Teresa
245 10 - TYTUŁ/ODPOWIEDZIALNOŚĆ
Tytuł Technologia betonu zwykłego :
Ciąg dalszy tytułu ćwiczenia laboratoryjne /
Pozostałe elementy strefy tytułu i oznaczenia odpowiedzialności Teresa Mrowiec, Zygmunt Rawicki ; Politechnika Krakowska im. Tadeusza Kościuszki.
260 ## - STREFA ADRESU WYDAWNICZEGO
Miejsce wydania Kraków :
Nazwa wydawcy/dystrybutora PK,
Data publikacji, dystrybucji/powstania dokumentu 1993
Miejsce produkcji (Krak. :
Nazwa producenta PK).
300 ## - STREFA OPISU FIZYCZNEGO
Objętość 182 s. :
Inne cechy fizyczne fot., rys., wykr. ;
Rozmiary 24 cm.
521 ## - UWAGA DOTYCZĄCA PRZEZNACZENIA CZYTELNICZEGO
Przeznaczenie czytelnicze Skrypt dla studentów wyższych szkół technicznych.
650 #9 - HASŁO PRZEDMIOTOWE W FORMIE NAZWY OGÓLNEJ LUB JEDNOSTKOWEJ
Nazwa ogólna lub geograficzna Beton
Określnik ogólny badanie
-- metody
650 #9 - HASŁO PRZEDMIOTOWE W FORMIE NAZWY OGÓLNEJ LUB JEDNOSTKOWEJ
Nazwa ogólna lub geograficzna Wytrzymałość materiałów
Określnik ogólny badanie
-- metody
655 ## - TERMIN INDEKSOWY - OKREŚLENIE RODZAJU/FORMY DOKUMENTU
Określenie rodzaju/formy dokumentu Podręczniki akademickie
700 1# - HASŁO DODATKOWE - NAZWA OSOBOWA
Nazwa osobowa RAWICKI, Zygmunt
710 ## - HASŁO DODATKOWE - NAZWA CIAŁA ZBIOROWEGO
Nazwa ciała zbiorowego lub jednostki geograficznej POLITECHNIKA KRAKOWSKA (Kraków)
856 ## - LOKALIZACJA I DOSTĘP DO ELEKTRONICZNYCH DOKUMENTÓW ZDALNYCH
Link (URL) http://koha.tu.koszalin.pl/cgi-bin/koha/opac-detail.pl?biblionumber=6318
Tekst linku Katalog online BPK
942 ## - DODATKOWE ELEMENTY (KOHA)
Typ dokumentu Książka
Egzemplarze
Wycofany Status egzemplarza Uszkodzony Dostępność Lokalizacja stała Lokalizacja bieżąca Miejsce przechowywania Sygnatura Kod kreskowy Ostatnio wypożyczono Typ dokumentu
      Dostępny Biblioteka Politechniki Koszalińskiej Biblioteka Politechniki Koszalińskiej Wypożyczalnia BG P 47037 01304480 07.11.2018 Książka
© 2023 Biblioteka Politechniki Koszalińskiej :: KOHA